Language Quiz

Random Language or Letter Quiz

'A' Vocabulary (Medium) Quiz Stats

 Plays Quiz Updated Dec 4, 2016

Challenge
Share
Tweet
Embed
Score 0/25 Timer 06:00
2 Plays Today
% Correct
algebra
94.7%
anorexia
94%
ambidextrous
93.7%
abstinence
93%
alpaca
92.5%
antagonist
92.1%
amoeba
91.4%
alkaline
90.9%
albatross
90.5%
almanac
90.1%
alliteration
89.6%
analogy
89.1%
amicable
88.9%
% Correct
alloy
88.6%
abash
87.9%
antiseptic
87.9%
arachnid
87.1%
absinthe
86.8%
alms
82.9%
anachronistic
80.9%
awl
80.8%
agar
80.6%
anthropocentric
80.1%
ardent
79.6%
avarice
74.8%

You're not logged in!

Compare scores with friends on all Sporcle quizzes.
Join for Free
OR
Log In

You Might Also Like...

Show Comments

Extras

Top Quizzes Today


Score Distribution

Your Account Isn't Verified!

In order to create a playlist on Sporcle, you need to verify the email address you used during registration. Go to your Sporcle Settings to finish the process.

Report this User

Report this user for behavior that violates our Community Guidelines.

Details: